[Event "95th Caplin Hastings Congress"]
[Site "Hastings"]
[Date "2019.12.31"]
[Round "4.52"]
[White "Merriman, James"]
[Black "Kumar, Soham"]
[Result "1-0"]
[WhiteElo "1895"]
[BlackElo "1512"]
[Annotator "NA"]
[PlyCount "123"]
[EventDate "2019.12.28"]
[EventType "swiss"]
[EventCountry "ENG"]
[SourceTitle "playchess.com"]
[Source "ChessBase"]
[SourceQuality "1"]
[TimeControl "40/6600+30:3000+30"]

1. d4 {[%emt 0:09:41]} Nf6 {[%emt 0:09:34]} 2. c4 {[%emt 0:00:08]} c5 {[%emt 0:00:03]} 3. d5 {[%emt 0:00:02]} b5 {[%emt 0:00:06]} 4. a4 {[%emt 0:00:03]} b4 {[%emt 0:00:23]} 5. Nd2 {[%emt 0:00:06]} d6 {[%emt 0:00:07]} 6. e4 {[%emt 0:00:04]} Nbd7 {[%emt 0:00:12]} 7. f4 {[%emt 0:00:33]} g6 {[%emt 0:00:17]} 8. Ngf3 {[%emt 0:00:09]} Bg7 {[%emt 0:00:29]} 9. Bd3 {[%emt 0:01:18]} O-O {[%emt 0:01:00]} 10. O-O {[%emt 0:00:06]} Qc7 {[%emt 0:04:11]} 11. Qe2 {[%emt 0:02:42]} Ba6 {[%emt 0:04:28]} 12. Rb1 {[%emt 0:00:31]} Ng4 {[%emt 0:20:48]} 13. b3 {[%emt 0:02:47]} Rae8 {[%emt 0:18:11]} 14. Bb2 $16 {[%emt 0:03:11]} Bh6 {[%emt 0:10:15]} 15. Nh4 {[%emt 0:02:49]} Ngf6 {[%emt 0:00:42]} 16. g4 {[%emt 0:04:40]} Bg7 {[%emt 0:00:54]} 17. e5 {[%emt 0:00:25]} dxe5 {[%emt 0:06:45]} 18. fxe5 {[%emt 0:02:04]} Nxd5 {[%emt 0:02:41]} 19. cxd5 {[%emt 0:00:31]} Bxd3 {[%emt 0:00:17]} 20. Qxd3 {[%emt 0:00:12]} Nxe5 {[%emt 0:00:13]} 21. Qe4 {[%emt 0:04:09]} e6 {[%emt 0:02:25]} 22. Bxe5 {[%emt 0:05:56]} Bxe5 {[%emt 0:00:16]} 23. Nhf3 {[%emt 0:00:35]} exd5 {[%emt 0:01:38]} 24. Qxd5 {[%emt 0:00:22]} Bxh2+ {[%emt 0:04:41]} 25. Nxh2 {[%emt 0:11:24]} Re2 {[%emt 0:00:49]} 26. Rf2 {[%emt 0:00:19]} Rxf2 {[%emt 0:00:09]} 27. Kxf2 {[%emt 0:00:09]} Qxh2+ {[%emt 0:00:05]} 28. Qg2 {[%emt 0:01:48]} Qf4+ {[%emt 0:00:31]} 29. Kg1 {[%emt 0:00:28]} Rd8 {[%emt 0:00:53]} 30. Nf1 {[%emt 0:05:46]} Rd4 {[%emt 0:01:46]} 31. Kh1 {[%emt 0:02:22]} Qg5 {[%emt 0:02:20]} 32. Nh2 {[%emt 0:02:27]} Rd2 {[%emt 0:00:11]} 33. Qe4 {[%emt 0:01:03]} Rf2 {[%emt 0:06:55]} 34. Re1 {[%emt 0:01:21]} Qd2 {[%emt 0:02:13]} 35. Nf1 {[%emt 0:02:58]} Qa2 {[%emt 0:04:38]} 36. Qe8+ {[%emt 0:01:36]} Kg7 {[%emt 0:00:08]} 37. Qe5+ {[%emt 0:00:08]} Kg8 {[%emt 0:00:36]} 38. Qxc5 {[%emt 0:00:39]} Re2 {[%emt 0:03:38]} 39. Rxe2 {[%emt 0:02:31]} Qxe2 {[%emt 0:00:09]} 40. Qc4 {[%emt 0:00:12]} Qf3+ {[%emt 0:00:35]} 41. Kg1 {[%emt 0:50:13]} Qb7 {[%emt 0:51:25]} 42. Ng3 {[%emt 0:01:11]} Qf3 {[%emt 0:03:51]} 43. Kh2 {[%emt 0:01:16]} Qf2+ {[%emt 0:00:08]} 44. Kh3 {[%emt 0:00:08]} Qb6 {[%emt 0:00:20]} 45. Qe4 {[%emt 0:01:39]} Qc5 {[%emt 0:07:12]} 46. Qf3 {[%emt 0:02:14]} Qb6 {[%emt 0:00:32]} 47. Ne4 {[%emt 0:03:40]} Kg7 {[%emt 0:00:02]} 48. g5 {[%emt 0:00:43]} Qe6+ {[%emt 0:00:04]} 49. Kg3 {[%emt 0:01:19]} Qe8 {[%emt 0:01:51]} 50. Qf6+ {[%emt 0:01:27]} Kg8 {[%emt 0:00:06]} 51. Qd4 {[%emt 0:00:36]} Qb8+ {[%emt 0:00:56]} 52. Kh3 {[%emt 0:02:11]} Qc8+ {[%emt 0:00:19]} 53. Kh4 {[%emt 0:00:11]} Qb8 {[%emt 0:00:14]} 54. Nf6+ {[%emt 0:00:15]} Kf8 {[%emt 0:00:02]} 55. Nd7+ {[%emt 0:00:10]} Ke8 {[%emt 0:00:09]} 56. Nxb8 {[%emt 0:00:06]} Kf8 {[%emt 0:00:06]} 57. Qd8+ {[%emt 0:00:26]} Kg7 {[%emt 0:00:09]} 58. Qf6+ {[%emt 0:00:15]} Kg8 {[%emt 0:00:03]} 59. Nc6 {[%emt 0:00:28]} a5 {[%emt 0:00:05]} 60. Ne5 {[%emt 0:00:09]} h5 {[%emt 0:00:05]} 61. Qxf7+ {[%emt 0:00:07]} Kh8 {[%emt 0:00:08]} 62. Nxg6# {[%emt 0:00:37]} 1-0

[Event "95th Caplin Hastings Congress"]
[Site "Hastings"]
[Date "2019.12.31"]
[Round "4.53"]
[White "Sandhu, Manvith"]
[Black "Metcalfe, Charlie P"]
[Result "0-1"]
[WhiteElo "1673"]
[BlackElo "1867"]
[Annotator "NA"]
[PlyCount "68"]
[EventDate "2019.12.28"]
[EventType "swiss"]
[EventCountry "ENG"]
[SourceTitle "playchess.com"]
[Source "ChessBase"]
[SourceQuality "1"]
[TimeControl "40/6600+30:3000+30"]

1. e4 {[%emt 0:09:32]} e6 {[%emt 0:09:58]} 2. d4 {[%emt 0:00:11]} d5 {[%emt 0:00:02]} 3. Bd3 {[%emt 0:00:06]} dxe4 {[%emt 0:00:04]} 4. Bxe4 {[%emt 0:00:10]} Nf6 {[%emt 0:00:04]} 5. Bf3 {[%emt 0:00:06]} c5 {[%emt 0:00:05]} 6. Ne2 {[%emt 0:00:05]} Nc6 {[%emt 0:00:04]} 7. Be3 {[%emt 0:00:13]} cxd4 {[%emt 0:00:04]} 8. Nxd4 {[%emt 0:00:12]} Ne5 {[%emt 0:00:04]} 9. Nc3 {[%emt 0:00:14]} a6 {[%emt 0:00:19]} 10. Qe2 {[%emt 0:03:13]} Nxf3+ {[%emt 0:00:16]} 11. Qxf3 {[%emt 0:00:18]} e5 {[%emt 0:00:09]} 12. Nb3 {[%emt 0:10:44]} Bb4 {[%emt 0:00:18]} 13. Bg5 {[%emt 0:00:58]} O-O {[%emt 0:38:57]} 14. a3 {[%emt 0:04:48]} Bxc3+ {[%emt 0:09:51]} 15. Qxc3 {[%emt 0:00:13]} h6 {[%emt 0:00:49]} 16. Bh4 {[%emt 0:01:05]} g5 {[%emt 0:05:27]} 17. Bg3 {[%emt 0:01:17]} Ne4 {[%emt 0:02:55]} 18. Qf3 {[%emt 0:15:22]} Nxg3 {[%emt 0:09:31]} 19. hxg3 {[%emt 0:01:35]} Qd6 {[%emt 0:02:26]} 20. Rd1 {[%emt 0:04:42]} Qg6 {[%emt 0:12:41]} 21. Nc5 {[%emt 0:13:07]} e4 {[%emt 0:05:37]} 22. Qe3 {[%emt 0:02:59]} Bg4 {[%emt 0:04:41]} 23. Rd4 {[%emt 0:05:39]} Qc6 {[%emt 0:05:18]} 24. Nb3 {[%emt 0:13:07]} Rad8 {[%emt 0:01:54]} 25. c4 {[%emt 0:10:09]} Qxc4 {[%emt 0:02:12]} 26. Rxh6 {[%emt 0:05:44]} Qb5 {[%emt 0:02:52]} 27. Rhd6 {[%emt 0:07:03]} Rxd6 {[%emt 0:01:25]} 28. Rxd6 {[%emt 0:00:06]} Rc8 {[%emt 0:00:43]} 29. Nd4 {[%emt 0:04:21]} Qc5 {[%emt 0:01:12]} 30. Rh6 {[%emt 0:04:06]} Rd8 {[%emt 0:00:35]} 31. Ne2 {[%emt 0:03:18]} Qd5 {[%emt 0:00:12]} 32. Qc1 {[%emt 0:00:37]} Qb5 {[%emt 0:00:56]} 33. Nc3 {[%emt 0:00:20]} Qc5 {[%emt 0:01:10]} 34. f3 {[%emt 0:00:47]} Qg1+ {[%emt 0:00:10]} 0-1

[Event "95th Caplin Hastings Congress"]
[Site "Hastings"]
[Date "2019.12.31"]
[Round "4.54"]
[White "Cresswell, Mike J"]
[Black "Kearsley, Raymond J"]
[Result "1/2-1/2"]
[WhiteElo "1662"]
[BlackElo "1624"]
[Annotator "NA"]
[PlyCount "53"]
[EventDate "2019.12.28"]
[EventType "swiss"]
[EventCountry "ENG"]
[SourceTitle "playchess.com"]
[Source "ChessBase"]
[SourceQuality "1"]
[TimeControl "40/6600+30:3000+30"]

1. e4 {[%emt 0:09:33]} d5 {[%emt 0:09:36]} 2. d4 {[%emt 0:00:07]} dxe4 {[%emt 0:00:07]} 3. Nc3 {[%emt 0:00:09]} Nf6 {[%emt 0:00:06]} 4. f3 {[%emt 0:00:11]} exf3 {[%emt 0:00:08]} 5. Nxf3 {[%emt 0:00:06]} Bf5 {[%emt 0:00:11]} 6. Bc4 {[%emt 0:01:33]} e6 {[%emt 0:00:38]} 7. O-O {[%emt 0:00:56]} Be7 {[%emt 0:01:18]} 8. Ne2 {[%emt 0:02:19]} O-O {[%emt 0:01:45]} 9. c3 {[%emt 0:01:33]} Be4 {[%emt 0:02:39]} 10. Ng3 {[%emt 0:01:29]} Bd5 {[%emt 0:00:55]} 11. Bd3 {[%emt 0:02:50]} c5 {[%emt 0:01:15]} 12. Kh1 {[%emt 0:03:22]} Nc6 {[%emt 0:01:29]} 13. Be3 {[%emt 0:02:06]} cxd4 {[%emt 0:01:37]} 14. Nxd4 {[%emt 0:01:17]} Ne5 {[%emt 0:01:29]} 15. Bb1 {[%emt 0:08:24]} Bc4 {[%emt 0:04:42]} 16. Re1 {[%emt 0:05:20]} Neg4 {[%emt 0:03:39]} 17. Bg1 {[%emt 0:02:05]} Qc7 {[%emt 0:05:42]} 18. Ne4 {[%emt 0:04:58]} Rad8 {[%emt 0:02:23]} 19. Nxf6+ {[%emt 0:08:17]} Nxf6 {[%emt 0:00:08]} 20. Qf3 {[%emt 0:02:15]} Bd5 {[%emt 0:00:58]} 21. Qh3 {[%emt 0:01:29]} g6 {[%emt 0:06:30]} 22. Bc2 {[%emt 0:09:03]} Qf4 {[%emt 0:21:44]} 23. Bd1 {[%emt 0:09:29]} e5 {[%emt 0:05:54]} 24. Be3 {[%emt 0:04:44]} Qe4 {[%emt 0:04:33]} 25. Bf3 {[%emt 0:07:24]} Qd3 {[%emt 0:00:11]} 26. Be2 {[%emt 0:02:05]} Qe4 {[%emt 0:03:00]} 27. Bf3 {[%emt 0:00:19]} 1/2-1/2

[Event "95th Caplin Hastings Congress"]
[Site "Hastings"]
[Date "2019.12.31"]
[Round "4.55"]
[White "Lakshmi Raja Perumal K"]
[Black "Sugden, John N"]
[Result "0-1"]
[WhiteElo "1492"]
[BlackElo "2065"]
[Annotator "NA"]
[PlyCount "80"]
[EventDate "2019.12.28"]
[EventType "swiss"]
[EventCountry "ENG"]
[SourceTitle "playchess.com"]
[Source "ChessBase"]
[SourceQuality "1"]
[TimeControl "40/6600+30:3000+30"]

1. e4 {[%emt 1:20:19]} c5 {[%emt 0:00:26]} 2. Nf3 {[%emt 0:00:24]} e6 {[%emt 0:00:19]} 3. d4 {[%emt 0:02:38]} cxd4 {[%emt 0:00:10]} 4. Nxd4 {[%emt 0:00:07]} a6 {[%emt 0:00:25]} 5. Nc3 {[%emt 0:05:27]} b5 {[%emt 0:00:38]} 6. Bd3 {[%emt 0:01:24]} Bb7 {[%emt 0:00:32]} 7. O-O {[%emt 0:05:56]} Qc7 {[%emt 0:00:31]} 8. a4 {[%emt 0:05:53] B43: Sicilian: Kan Variation: 5 Nc3} (8. Re1 Bc5 9. Be3 d6 10. Bxb5+ axb5 11. Ndxb5 Qc6 12. Bxc5 dxc5 13. Nd6+ Ke7 14. Nf5+ Ke8 15. Nxg7+ Kf8 16. Nh5 {0-1 (66) Delgado Ramirez,N (2622)-Bachmann,A (2627) Asuncion 2017}) 8... b4 {[%emt 0:06:53]} 9. Nce2 {[%emt 0:00:29]} Nf6 {[%emt 0:02:44]} 10. Ng3 {[%emt 0:06:45]} Nc6 {[%emt 0:06:29]} 11. c3 $146 {[%emt 0:03:22]} ({Predecessor:} 11. Nxc6 Bxc6 12. Qe2 Qb7 13. f4 Bc5+ 14. Be3 Bxe3+ 15. Qxe3 {1-0 (36) Sindoni,A (1931)-Rubini,A (1917) Fano 2012}) 11... bxc3 {[%emt 0:04:18]} 12. bxc3 {[%emt 0:00:52]} Be7 {[%emt 0:01:09]} 13. Be3 {[%emt 0:09:39]} O-O {[%emt 0:01:04]} 14. Nh5 {[%emt 0:05:55]} Ne5 {[%emt 0:10:26]} 15. Bf4 {[%emt 0:13:03]} Nxh5 {[%emt 0:04:30]} 16. Qxh5 {[%emt 0:00:31]} Bf6 {[%emt 0:01:43]} 17. Rac1 {[%emt 0:13:49]} g6 {[%emt 0:03:49]} 18. Qg4 {[%emt 0:06:30]} Nxg4 {[%emt 0:10:57]} 19. Bxc7 {[%emt 0:00:21]} Rfc8 {[%emt 0:03:39]} 20. Bb6 {[%emt 0:04:03]} (20. Bg3 $17) 20... Ne5 {[%emt 0:03:15]} 21. Bb1 {[%emt 0:00:23]} Nc4 {[%emt 0:03:14]} 22. a5 {[%emt 0:00:48]} Nd2 {[%emt 0:01:44]} 23. Rfd1 {[%emt 0:04:58]} Nxb1 {[%emt 0:01:26]} 24. Rxb1 {[%emt 0:00:09]} Bxe4 {[%emt 0:00:42]} 25. Rb2 {[%emt 0:04:10]} Rxc3 {[%emt 0:02:46]} 26. f3 {[%emt 0:04:44]} Bd5 {[%emt 0:01:08]} 27. Ne2 {[%emt 0:00:52]} Rxf3 {[%emt 0:02:55]} 28. gxf3 {[%emt 0:04:04]} Bxb2 {[%emt 0:00:11]} 29. Nf4 {[%emt 0:01:16]} Bc6 {[%emt 0:02:29]} 30. Nd3 {[%emt 0:01:01]} Bg7 {[%emt 0:05:20]} 31. Nc5 {[%emt 0:00:11]} d5 {[%emt 0:00:40]} 32. Rc1 {[%emt 0:00:11]} Bb5 {[%emt 0:01:20]} 33. Kg2 {[%emt 0:02:28]} Rc8 {[%emt 0:02:12]} 34. Rb1 {[%emt 0:00:13]} Bf8 {[%emt 0:03:38]} 35. Rxb5 {[%emt 0:00:44]} axb5 {[%emt 0:00:07]} 36. Nd7 {[%emt 0:02:13]} b4 {[%emt 0:02:10]} 37. a6 {[%emt 0:00:10]} b3 $19 {[%emt 0:01:55]} 38. a7 {[%emt 0:03:00]} Ra8 {[%emt 0:01:40]} 39. Bd4 {[%emt 0:00:46]} Bg7 {[%emt 0:00:33]} 40. Bxg7 {[%emt 0:00:38]} Kxg7 {[%emt 0:00:09]} 0-1

[Event "95th Caplin Hastings Congress"]
[Site "Hastings"]
[Date "2019.12.31"]
[Round "4.56"]
[White "Damodaran, Patrick"]
[Black "Zheng, Harry Z"]
[Result "1-0"]
[WhiteElo "1388"]
[BlackElo "1705"]
[Annotator "NA"]
[PlyCount "97"]
[EventDate "2019.12.28"]
[EventType "swiss"]
[EventCountry "ENG"]
[SourceTitle "playchess.com"]
[Source "ChessBase"]
[SourceQuality "1"]
[TimeControl "40/6600+30:3000+30"]

1. e4 {[%emt 1:22:08]} e5 {[%emt 0:00:10]} 2. f4 {[%emt 0:02:40]} d5 {[%emt 0:00:12]} 3. exd5 {[%emt 0:01:36]} exf4 {[%emt 0:00:15]} 4. Nf3 {[%emt 0:03:30]} Nf6 {[%emt 0:00:21]} 5. c4 {[%emt 0:02:20]} c6 {[%emt 0:00:15]} 6. d4 {[%emt 0:02:47]} Bb4+ {[%emt 0:00:08]} 7. Bd2 {[%emt 0:01:52]} Qe7+ {[%emt 0:13:46]} 8. Be2 {[%emt 0:06:05]} cxd5 {[%emt 0:03:18]} 9. Qa4+ {[%emt 0:28:15]} Nc6 {[%emt 0:00:26]} 10. O-O {[%emt 0:17:32]} Bxd2 {[%emt 0:00:49]} 11. Nbxd2 {[%emt 0:02:41]} O-O {[%emt 0:00:42]} 12. Rfe1 {[%emt 0:00:00]} Nxd4 {[%emt 0:07:06]} 13. Bd1 {[%emt 0:12:23]} Nxf3+ {[%emt 0:01:09]} 14. Bxf3 {[%emt 0:02:31]} Qc5+ {[%emt 0:02:38]} 15. Kh1 {[%emt 0:00:57]} Be6 {[%emt 0:19:41]} 16. cxd5 {[%emt 0:00:30]} Nxd5 {[%emt 0:06:20]} 17. Bxd5 {[%emt 0:00:20]} Qxd5 {[%emt 0:01:14]} 18. Qxf4 {[%emt 0:00:16]} Rac8 {[%emt 0:00:31]} 19. Ne4 {[%emt 0:00:30]} Rc2 {[%emt 0:09:24]} 20. Qg3 {[%emt 0:00:29]} Kh8 {[%emt 0:04:48]} 21. Qa3 {[%emt 0:01:03]} Rd8 {[%emt 0:03:47]} 22. Qf3 {[%emt 0:01:07]} Rxb2 {[%emt 0:03:41]} 23. Rad1 {[%emt 0:00:17]} Qa5 {[%emt 0:00:40]} 24. Qc3 {[%emt 0:00:31]} Rxd1 {[%emt 0:04:35]} 25. Rxd1 {[%emt 0:00:22]} Rb1 {[%emt 0:00:12]} 26. Rxb1 {[%emt 0:00:15]} Qd5 {[%emt 0:01:15]} 27. Qd2 {[%emt 0:00:51]} Qxd2 {[%emt 0:02:11]} 28. Nxd2 {[%emt 0:00:11]} b6 {[%emt 0:00:06]} 29. Rc1 {[%emt 0:00:20]} g6 {[%emt 0:00:06]} 30. Nb3 {[%emt 0:00:07]} Bd5 {[%emt 0:01:20]} 31. Rd1 {[%emt 0:00:15]} Be6 {[%emt 0:00:10]} 32. Rd8+ {[%emt 0:00:13]} Kg7 {[%emt 0:00:11]} 33. Ra8 {[%emt 0:00:12]} Kf6 {[%emt 0:00:35]} 34. Rxa7 {[%emt 0:00:19]} Ke5 {[%emt 0:00:05]} 35. Rb7 {[%emt 0:00:12]} Ke4 {[%emt 0:00:16]} 36. Rxb6 {[%emt 0:00:10]} Bd5 {[%emt 0:00:13]} 37. a4 {[%emt 0:00:20]} Ke3 {[%emt 0:00:07]} 38. a5 {[%emt 0:00:14]} Kf2 {[%emt 0:00:07]} 39. Rf6+ {[%emt 0:00:15]} Ke1 {[%emt 0:00:11]} 40. Nc5 {[%emt 0:00:17]} h5 {[%emt 0:00:25]} 41. a6 {[%emt 0:01:22]} h4 {[%emt 0:00:07]} 42. h3 {[%emt 0:00:08]} g5 {[%emt 0:00:07]} 43. a7 {[%emt 0:00:33]} g4 {[%emt 0:00:06]} 44. Kh2 {[%emt 0:00:12]} g3+ {[%emt 0:01:05]} 45. Kg1 {[%emt 0:00:15]} Kd2 {[%emt 0:00:10]} 46. Rd6 {[%emt 0:00:10]} Ke3 {[%emt 0:00:32]} 47. Rxd5 {[%emt 0:00:12]} f5 {[%emt 0:00:14]} 48. a8=Q {[%emt 0:00:16]} f4 {[%emt 0:00:10]} 49. Qe8# {[%emt 0:00:21] Kd3} 1-0

[Event "95th Caplin Hastings Congress"]
[Site "Hastings"]
[Date "2019.12.31"]
[Round "4.57"]
[White "Stoyanov, Boris"]
[Black "Dewangan, Aayush"]
[Result "0-1"]
[WhiteElo "1504"]
[BlackElo "1548"]
[Annotator "NA"]
[PlyCount "102"]
[EventDate "2019.12.28"]
[EventType "swiss"]
[EventCountry "ENG"]
[SourceTitle "playchess.com"]
[Source "ChessBase"]
[SourceQuality "1"]
[TimeControl "40/6600+30:3000+30"]

1. e4 {[%emt 0:09:31]} c5 {[%emt 0:09:39]} 2. Nf3 {[%emt 0:00:06]} d6 {[%emt 0:00:08]} 3. Bb5+ {[%emt 0:00:04]} Bd7 {[%emt 0:00:13]} 4. Bxd7+ {[%emt 0:00:06]} Nxd7 {[%emt 0:00:13]} 5. c3 {[%emt 0:00:46]} Ngf6 {[%emt 0:00:22]} 6. Qe2 {[%emt 0:01:02]} g6 {[%emt 0:01:45]} 7. O-O {[%emt 0:00:31]} Bg7 {[%emt 0:00:23]} 8. d4 {[%emt 0:03:43]} O-O {[%emt 0:03:27]} 9. Bd2 {[%emt 0:07:03]} Qb6 {[%emt 0:01:01]} 10. Bg5 {[%emt 0:05:23]} h6 {[%emt 0:04:33]} 11. Bxf6 {[%emt 0:01:33]} Bxf6 {[%emt 0:00:46]} 12. Rd1 {[%emt 0:03:07]} Rac8 {[%emt 0:06:00]} 13. e5 {[%emt 0:04:32]} Bg7 {[%emt 0:01:20]} 14. Na3 {[%emt 0:02:46]} cxd4 {[%emt 0:09:00]} 15. cxd4 {[%emt 0:04:13]} dxe5 {[%emt 0:02:15]} 16. Nc4 {[%emt 0:02:15]} Qa6 {[%emt 0:04:27]} 17. dxe5 {[%emt 0:06:12]} Rxc4 {[%emt 0:00:57]} 18. e6 {[%emt 0:09:10]} fxe6 {[%emt 0:02:25]} 19. Qd3 {[%emt 0:05:03]} Nf6 {[%emt 0:04:39]} 20. Ne5 {[%emt 0:02:31]} Re4 {[%emt 0:03:56]} 21. Nxg6 {[%emt 0:00:58]} Re1+ {[%emt 0:00:34]} 22. Rxe1 {[%emt 0:01:11]} Qxd3 {[%emt 0:00:10]} 23. Nxf8 {[%emt 0:00:16]} Kxf8 {[%emt 0:00:22]} 24. Rxe6 {[%emt 0:00:23]} Qc2 {[%emt 0:00:40]} 25. Rae1 {[%emt 0:01:04]} Nd5 {[%emt 0:01:12]} 26. R6e2 {[%emt 0:00:21]} Qa4 {[%emt 0:00:39]} 27. b3 {[%emt 0:00:31]} Qg4 {[%emt 0:00:14]} 28. Re4 {[%emt 0:01:20]} Nf4 {[%emt 0:01:09]} 29. g3 {[%emt 0:00:47]} Nh3+ {[%emt 0:00:08]} 30. Kg2 {[%emt 0:00:20]} Qd7 {[%emt 0:02:07]} 31. Rxe7 {[%emt 0:00:58]} Nf4+ {[%emt 0:00:28]} 32. Kg1 {[%emt 0:02:27]} Qxe7 {[%emt 0:00:16]} 33. Rxe7 {[%emt 0:00:05]} Kxe7 {[%emt 0:00:06]} 34. gxf4 {[%emt 0:00:06]} Kf6 {[%emt 0:00:06]} 35. Kg2 {[%emt 0:00:05]} Kf5 {[%emt 0:00:09]} 36. Kf3 {[%emt 0:00:23]} Bf8 {[%emt 0:00:05]} 37. h3 {[%emt 0:02:24]} Bd6 {[%emt 0:00:05]} 38. Ke3 {[%emt 0:00:41]} Bxf4+ {[%emt 0:00:07]} 39. Kf3 {[%emt 0:00:15]} Bg5 {[%emt 0:00:10]} 40. b4 {[%emt 0:00:31]} b5 {[%emt 0:00:09]} 41. a3 {[%emt 0:50:22]} Bc1 {[%emt 0:50:06]} 42. h4 {[%emt 0:00:45]} Bxa3 {[%emt 0:00:06]} 43. h5 {[%emt 0:00:22]} Bxb4 {[%emt 0:00:09]} 44. Kg3 {[%emt 0:00:43]} Be1 {[%emt 0:00:08]} 45. Kf3 {[%emt 0:00:17]} a5 {[%emt 0:00:08]} 46. Kg2 {[%emt 0:01:33]} a4 {[%emt 0:00:35]} 47. Kf1 {[%emt 0:00:28]} Bxf2 {[%emt 0:00:07]} 48. Kxf2 {[%emt 0:00:06]} a3 {[%emt 0:00:07]} 49. Kg3 {[%emt 0:00:10]} a2 {[%emt 0:00:07]} 50. Kh4 {[%emt 0:00:10]} a1=Q {[%emt 0:00:19]} 51. Kh3 {[%emt 0:00:10]} Qg1 {[%emt 0:00:14]} 0-1

[Event "95th Caplin Hastings Congress"]
[Site "Hastings"]
[Date "2019.12.31"]
[Round "4.58"]
[White "Varney, Zoe"]
[Black "Liu, Tianyi"]
[Result "1/2-1/2"]
[WhiteElo "2004"]
[BlackElo "1307"]
[Annotator "NA RC"]
[PlyCount "115"]
[EventDate "2019.12.28"]
[EventType "swiss"]
[EventCountry "ENG"]
[SourceTitle "playchess.com"]
[Source "ChessBase"]
[SourceQuality "1"]
[TimeControl "40/6600+30:3000+30"]

1. e4 {[%emt 0:09:33]} c5 {[%emt 0:10:10]} 2. c3 {[%emt 0:00:04]} d5 {[%emt 0:00:13]} 3. exd5 {[%emt 0:00:04]} Qxd5 {[%emt 0:00:06]} 4. d4 {[%emt 0:00:03]} Nf6 {[%emt 0:00:09]} 5. Nf3 {[%emt 0:00:04]} Nc6 {[%emt 0:00:07]} 6. Be2 {[%emt 0:00:07]} e6 {[%emt 0:00:06]} 7. Be3 {[%emt 0:00:31]} cxd4 {[%emt 0:09:04]} 8. cxd4 {[%emt 0:00:09]} Be7 {[%emt 0:02:05]} 9. Nc3 {[%emt 0:02:20]} Qa5 {[%emt 0:06:54]} 10. O-O {[%emt 0:03:35]} O-O {[%emt 0:01:27]} 11. a3 {[%emt 0:06:22]} Nd5 {[%emt 0:08:15]} 12. Nxd5 {[%emt 0:07:40]} Qxd5 {[%emt 0:00:24]} 13. Rc1 {[%emt 0:08:58] B22: Sicilian: 2 c3} Rd8 {[%emt 0:05:46]} 14. Bc4 {[%emt 0:03:37]} Qd6 {[%emt 0:01:51]} (14... Qa5 15. Qb3 Qh5 16. Rfd1 Bd7 17. Qxb7 Na5 18. Qe4 Ba4 19. Re1 Nxc4 20. Rxc4 Bb3 {½-½ (101) Heberla,B (2557)-Markowski,T (2553) Opole 2007}) 15. Qd2 {[%emt 0:15:20]} Bf6 {[%emt 0:08:37]} 16. Rfd1 {[%emt 0:01:30]} Ne7 {[%emt 0:06:59]} 17. Ng5 {[%emt 0:15:35]} Nf5 $146 {[%emt 0:11:17]} ({Predecessor:} 17... Nd5 18. Ne4 Qe7 19. Nxf6+ Nxf6 20. Bg5 Bd7 {0-1 (51) Martin Ojeda,J (2220)-Camacho Calle,P (2250) Murcia 1997}) 18. Ne4 {[%emt 0:02:43]} Qe7 {[%emt 0:01:01]} 19. Nxf6+ {[%emt 0:02:22]} gxf6 {[%emt 0:02:06]} 20. d5 {[%emt 0:02:40]} b6 {[%emt 0:03:54]} 21. Bh6 {[%emt 0:11:43]} Bb7 {[%emt 0:02:33]} 22. Qf4 {[%emt 0:05:57]} Nxh6 {[%emt 0:06:15]} 23. Qxh6 {[%emt 0:00:28]} Bxd5 {[%emt 0:06:21]} 24. Rd4 {[%emt 0:02:43]} f5 {[%emt 0:01:27]} 25. Rd3 {[%emt 0:00:50]} Kh8 {[%emt 0:01:11]} 26. Bxd5 {[%emt 0:07:45]} Rxd5 {[%emt 0:01:17]} 27. Rxd5 {[%emt 0:00:46]} exd5 {[%emt 0:00:09]} 28. h3 {[%emt 0:00:54]} Rd8 {[%emt 0:02:45]} 29. Qf4 {[%emt 0:01:50]} Qe6 {[%emt 0:03:21]} 30. Rc7 {[%emt 0:01:57]} Ra8 {[%emt 0:04:33]} 31. Qd4+ {[%emt 0:00:42]} Kg8 {[%emt 0:01:30]} 32. Rc3 {[%emt 0:01:09]} f6 {[%emt 0:02:43]} 33. Re3 {[%emt 0:00:43]} Qd6 {[%emt 0:01:05]} 34. Qd3 {[%emt 0:01:22]} f4 {[%emt 0:06:21]} 35. Rf3 {[%emt 0:01:36]} Re8 {[%emt 0:01:12]} 36. Qf5 {[%emt 0:00:42]} Re4 {[%emt 0:01:22]} 37. g3 {[%emt 0:00:46]} Qe5 {[%emt 0:02:34]} 38. Qg4+ {[%emt 0:01:06]} Kf7 {[%emt 0:01:15]} 39. gxf4 {[%emt 0:01:10]} Qe6 {[%emt 0:00:30]} 40. Qh5+ {[%emt 0:00:53]} Kg7 {[%emt 0:00:23]} 41. Rg3+ {[%emt 0:51:07]} Kh8 {[%emt 0:50:12]} 42. Qh6 {[%emt 0:00:00]} Qf7 {[%emt 0:00:00]} 43. Kf1 {[%emt 0:00:00]} Rc4 {[%emt 0:00:00]} 44. f5 {[%emt 0:00:00]} Rc2 {[%emt 0:00:00]} 45. b4 {[%emt 0:00:00]} Rc6 {[%emt 0:00:00]} 46. h4 {[%emt 0:00:00]} d4 $11 {[%emt 0:00:00]} 47. Qf4 {[%emt 0:00:00]} Qd7 {[%emt 0:00:00]} 48. Qg4 {[%emt 0:00:00]} Rc8 {[%emt 0:00:00]} 49. Rd3 {[%emt 0:00:00]} Rd8 {[%emt 0:00:00]} 50. h5 {[%emt 0:00:00]} Qd5 {[%emt 0:00:16]} 51. Qh4 {[%emt 0:00:00]} Qxf5 {[%emt 0:01:28]} 52. Rxd4 {[%emt 0:00:00]} Rxd4 {[%emt 0:00:20]} 53. Qxd4 {[%emt 0:00:00]} Qh3+ {[%emt 0:00:35]} 54. Kg1 {[%emt 0:00:53]} Qxh5 {[%emt 0:00:30]} 55. Qxf6+ {[%emt 0:00:04]} Kg8 {[%emt 0:00:14]} 56. Qd8+ {[%emt 0:00:36]} Kg7 {[%emt 0:00:23]} 57. Qd4+ {[%emt 0:00:36]} Kg8 {[%emt 0:00:17]} 58. Qd8+ {[%emt 0:01:35]} 1/2-1/2